| 000 | 00438ncm a2200157 a 4500 | ||
|---|---|---|---|
| 020 | _a(hb) | ||
| 082 |
_a954.03 _bODW |
||
| 100 | 1 |
_aO'Dwyer, Sir Michael _950358 |
|
| 245 | 1 | _aIndia as I Knew it 1885-1925. | |
| 260 |
_aLondon: _bConstable, _c1925 |
||
| 300 | _a453p. : ill. | ||
| 526 |
_a0 _b0 _c0 _d954_030000000000000_ODW |
||
| 650 |
_aIndia -- History -- British occupation, 1765-1947 _946441 |
||
| 650 |
_aMCE _9379 |
||
| 942 |
_2ddc _cBK |
||
| 999 |
_c553079 _d553079 |
||